<?xml version="1.0" encoding="UTF-8"?>
<collection xmlns="http://www.loc.gov/MARC21/slim">
 <record>
  <leader>01136nam a2200289 a 4500</leader>
  <controlfield tag="001">3742</controlfield>
  <controlfield tag="003">BD-DhAAL</controlfield>
  <controlfield tag="005">20150606123109.0</controlfield>
  <controlfield tag="008">150606s1997    nyua     b    001 0 eng  </controlfield>
  <datafield tag="010" ind1=" " ind2=" ">
   <subfield code="a">   96037604 </subfield>
  </datafield>
  <datafield tag="020" ind1=" " ind2=" ">
   <subfield code="a">0471128066 (cloth : acidfree paper)</subfield>
  </datafield>
  <datafield tag="040" ind1=" " ind2=" ">
   <subfield code="a">DLC</subfield>
   <subfield code="c">DLC</subfield>
   <subfield code="d">DLC</subfield>
   <subfield code="d">BD-DhAAL</subfield>
  </datafield>
  <datafield tag="050" ind1="0" ind2="0">
   <subfield code="a">QH445.2</subfield>
   <subfield code="b">.A95 1997</subfield>
  </datafield>
  <datafield tag="082" ind1="0" ind2="0">
   <subfield code="a">572.8/633/0285</subfield>
   <subfield code="2">21</subfield>
  </datafield>
  <datafield tag="245" ind1="0" ind2="0">
   <subfield code="a">Automation technologies for genome characterization /</subfield>
   <subfield code="c">edited by Tony J. Beugelsdijk.</subfield>
  </datafield>
  <datafield tag="260" ind1=" " ind2=" ">
   <subfield code="a">New York :</subfield>
   <subfield code="b">Wiley,</subfield>
   <subfield code="c">c1997.</subfield>
  </datafield>
  <datafield tag="300" ind1=" " ind2=" ">
   <subfield code="a">xvi, 306 p. :</subfield>
   <subfield code="b">ill. ;</subfield>
   <subfield code="c">24 cm.</subfield>
  </datafield>
  <datafield tag="490" ind1=" " ind2=" ">
   <subfield code="a">Wiley-Interscience series on laboratory automation</subfield>
  </datafield>
  <datafield tag="500" ind1=" " ind2=" ">
   <subfield code="a">&quot;A Wiley-Interscience publication.&quot;</subfield>
  </datafield>
  <datafield tag="504" ind1=" " ind2=" ">
   <subfield code="a">Includes bibliographical references and index.</subfield>
  </datafield>
  <datafield tag="541" ind1=" " ind2=" ">
   <subfield code="e">3742</subfield>
  </datafield>
  <datafield tag="650" ind1=" " ind2="0">
   <subfield code="a">Gene mapping</subfield>
   <subfield code="x">Automation.</subfield>
   <subfield code="9">11700</subfield>
  </datafield>
  <datafield tag="650" ind1=" " ind2="0">
   <subfield code="a">Gene mapping</subfield>
   <subfield code="x">Data processing.</subfield>
   <subfield code="9">11701</subfield>
  </datafield>
  <datafield tag="700" ind1="1" ind2=" ">
   <subfield code="a">Beugelsdijk, Tony J.,</subfield>
   <subfield code="d">1949-</subfield>
   <subfield code="9">11702</subfield>
  </datafield>
  <datafield tag="942" ind1=" " ind2=" ">
   <subfield code="2">ddc</subfield>
   <subfield code="c">BK</subfield>
  </datafield>
  <datafield tag="999" ind1=" " ind2=" ">
   <subfield code="c">34613</subfield>
   <subfield code="d">34613</subfield>
  </datafield>
  <datafield tag="952" ind1=" " ind2=" ">
   <subfield code="0">0</subfield>
   <subfield code="1">0</subfield>
   <subfield code="2">ddc</subfield>
   <subfield code="4">0</subfield>
   <subfield code="6">572_863302850000000_AUT</subfield>
   <subfield code="7">0</subfield>
   <subfield code="9">54052</subfield>
   <subfield code="a">SCL</subfield>
   <subfield code="b">SCL</subfield>
   <subfield code="c">GEN</subfield>
   <subfield code="d">2015-06-06</subfield>
   <subfield code="e">Gift: The Asia Foundation</subfield>
   <subfield code="l">1</subfield>
   <subfield code="m">4</subfield>
   <subfield code="o">572.86330285 AUT</subfield>
   <subfield code="p">3020003742</subfield>
   <subfield code="r">2019-07-30</subfield>
   <subfield code="s">2019-07-03</subfield>
   <subfield code="t">1</subfield>
   <subfield code="w">2015-06-06</subfield>
   <subfield code="y">BK</subfield>
  </datafield>
 </record>
</collection>
